[Event "DRUZYNOWE MISTRZOSTWA POLSKI JUNIOROW - II LIGA"]
[Site "Szczyrk, CKiR Orle Gniazdo ul. Wrzosowa 28a"]
[Date "2014-07-30"]
[Round "6.49"]
[White "Lizak, Jakub"]
[Black "Zylka, Stanislaw"]
[Result "1-0"]
[WhiteTitle "I++"]
[BlackTitle "I++"]
[WhiteElo "1980"]
[BlackElo "1931"]

1. e4 c5 2. Nf3 e6 3. d4 cxd4 4. Nxd4 a6 5. c4 Nf6 6. Nc3 d6 7. Bd3 g6 8. Qe2 Bg7
9. h3 O-O 10. Nf3 Nbd7 11. Bf4 Qc7 12. O-O b6 13. Rfd1 Bb7 14. Rac1 Rfd8 15. Bb1
Ne5 16. Nxe5 dxe5 17. Rxd8+ Rxd8 18. Be3 Nd7 19. b4 Rc8 20. c5 Bf8 21. Na4 b5
22. Nc3 Bc6 23. a4 Rb8 24. axb5 axb5 25. Bd3 Qb7 26. Ra1 Nf6 27. f3 Ne8 28. Ra5
Nc7 29. Qa2 Be7 30. Ra7 Qc8 31. Qe2 Bd8 32. Ra1 Qb7 33. Qb2 f6 34. Qb3 Kg7 35.
Be2 Kf7 36. Bd3 Kg7 37. Ra3 Ra8 38. Qa2 Rxa3 39. Qxa3 Be7 40. Qa2 Bd8 41. Qa1
Be7 42. Qa5 Qa6 43. Qxc7 Qa1+ 44. Nb1 Bd7 45. Qa5 1-0

[Event "DRUZYNOWE MISTRZOSTWA POLSKI JUNIOROW - II LIGA"]
[Site "Szczyrk, CKiR Orle Gniazdo ul. Wrzosowa 28a"]
[Date "2014-07-30"]
[Round "6.50"]
[White "Beczala, Pawel"]
[Black "Szolc, Grzegorz"]
[Result "1/2-1/2"]
[WhiteTitle "II+"]
[BlackTitle "I"]
[WhiteElo "1711"]
[BlackElo "1883"]

1. e4 c5 2. Nc3 e5 3. Bc4 Nc6 4. d3 Nf6 5. Nge2 Be7 6. O-O O-O 7. f4 d6 8. a3 a6
9. h3 b5 10. Ba2 Rb8 11. Ng3 Nd4 12. Nce2 a5 13. Kh1 Bd7 14. Ng1 b4 15. axb4 axb4
16. c3 bxc3 17. bxc3 Nb5 18. Qc2 Qc7 19. Be3 Rb7 20. Bc4 Rfb8 21. Nf3 h6 22. Ra2
exf4 23. Bxf4 Be6 24. Bxe6 fxe6 25. e5 Nd5 26. exd6 Nxd6 27. Be5 Ne3 28. Bxd6
Bxd6 29. Qe2 Nxf1 30. Qxe6+ Qf7 31. Qxf7+ Kxf7 32. Nxf1 Rb3 33. Rc2 Rb2 34. Rxb2
Rxb2 35. Kg1 Rc2 36. c4 Rc3 37. Ne1 Be5 38. Kf2 Bd4+ 39. Ke2 Ra3 40. Nc2 Ra2 41.
Kd2 Ke6 42. Ng3 Ra7 43. Ne4 Rf7 44. Ke2 Kd7 45. Ne3 Bxe3 46. Kxe3 Kc6 47. g3 Ra7
48. Kf3 Ra3 49. Ke3 Ra8 50. Kf3 Rf8+ 51. Ke2 Rf5 52. Ke3 Kb6 53. h4 Rf7 54. Ke2
Rc7 55. Ke3 Ka5 56. Nc3 Rf7 57. Ne4 Kb4 58. Ke2 Rc7 59. Kd2 Re7 60. Ke3 Rf7 61.
Ke2 Rf5 62. Ke3 Re5 63. Kf4 Re7 64. Kf3 Rf7+ 65. Ke2 1/2-1/2

[Event "DRUZYNOWE MISTRZOSTWA POLSKI JUNIOROW - II LIGA"]
[Site "Szczyrk, CKiR Orle Gniazdo ul. Wrzosowa 28a"]
[Date "2014-07-30"]
[Round "6.51"]
[White "Tustanowski, Mateusz"]
[Black "Walter, Szymon"]
[Result "1/2-1/2"]
[WhiteTitle "I"]
[BlackTitle "I++"]
[WhiteElo "1760"]
[BlackElo "2022"]

1. e4 g6 2. d4 Bg7 3. f4 c6 4. Nf3 d5 5. e5 Nh6 6. Bd3 O-O 7. O-O f6 8. c4 Be6
9. b3 Qd7 10. Nc3 Rd8 11. c5 Bf5 12. b4 Na6 13. Rb1 Nc7 14. b5 Ne6 15. Bxf5 Nxf5
16. g4 Nh6 17. h3 f5 18. g5 Nf7 19. Rf2 Rdc8 20. Rfb2 Nfd8 21. a4 Nc7 22. h4 a6
23. b6 Nce6 24. h5 Nf7 25. Rh2 Nh8 26. Qf1 Kf7 27. Qh3 Nd8 28. Be3 Qe6 29. hxg6+
hxg6 30. Qh7 Kf8 31. Nh4 Qf7 32. Kg2 Ne6 33. Rbh1 Ke8 34. Nf3 Kd7 35. Qh4 Rg8
36. Qe1 Rad8 37. Rh3 Kc8 38. Na2 Kd7 39. Nd2 Ra8 40. Nb3 Nd8 41. Na5 Qe6 42. R1h2
Nhf7 43. Qh1 Rb8 44. Nb4 Ra8 45. Rh7 Kc8 46. Qf1 Bh8 47. Kf3 Bg7 48. Qh1 Kd7 49.
Nd3 1/2-1/2

[Event "DRUZYNOWE MISTRZOSTWA POLSKI JUNIOROW - II LIGA"]
[Site "Szczyrk, CKiR Orle Gniazdo ul. Wrzosowa 28a"]
[Date "2014-07-30"]
[Round "6.53"]
[White "Wojcik, Jagoda"]
[Black "Binkowska, Agata"]
[Result "0-1"]
[WhiteTitle "I"]
[BlackTitle "I"]
[WhiteElo "1379"]
[BlackElo "1602"]

1. e4 c5 2. Nf3 e6 3. d4 cxd4 4. Nxd4 a6 5. Be2 Qc7 6. O-O Nc6 7. Nxc6 dxc6 8.
Nc3 Nf6 9. Be3 b5 10. Bf3 Bd6 11. h3 Bb7 12. Bg5 Nd7 13. Qd2 h6 14. Be3 Ne5 15.
Be2 Rd8 16. f4 Ng6 17. Bd3 c5 18. Qf2 c4 19. Bb6 Qc6 20. Be2 Nxf4 21. Bf3 e5 22.
Nd5 g5 23. Bxd8 Bc5 24. Ne3 Kxd8 25. Qd2+ Kc7 26. Kh1 Rd8 27. Qe1 Qg6 28. Ng4
Re8 29. Rd1 h5 30. Nf2 Bc8 31. Qd2 g4 32. hxg4 hxg4 33. Nxg4 Bxg4 34. Bxg4 Qxg4
35. Rf3 Rh8+ 36. Rh3 Nxh3 0-1

[Event "DRUZYNOWE MISTRZOSTWA POLSKI JUNIOROW - II LIGA"]
[Site "Szczyrk, CKiR Orle Gniazdo ul. Wrzosowa 28a"]
[Date "2014-07-30"]
[Round "6.54"]
[White "Buchta, Agnieszka"]
[Black "Kawecka, Malgorzata"]
[Result "1-0"]
[WhiteTitle "II+"]
[BlackTitle "II+"]
[WhiteElo "1371"]
[BlackElo "1235"]

1. e4 e5 2. d4 Nf6 3. dxe5 Nxe4 4. Be3 d5 5. Nd2 Nxd2 6. Qxd2 Nc6 7. Nf3 Bg4 8.
Be2 Qd7 9. O-O-O O-O-O 10. h3 Bf5 11. Nd4 a6 12. Nxf5 Nxe5 13. Nd4 Qa4 14. Kb1
g6 15. Nf3 Bg7 16. Nxe5 Bxe5 17. Bd4 Bxd4 18. Qxd4 Qc6 19. Bf3 Qd7 20. Qf6 h5
21. Bxd5 1-0

[Event "DRUZYNOWE MISTRZOSTWA POLSKI JUNIOROW - II LIGA"]
[Site "Szczyrk, CKiR Orle Gniazdo ul. Wrzosowa 28a"]
[Date "2014-07-30"]
[Round "6.55"]
[White "Ogonowski, Jakub"]
[Black "Karpacz, Piotr"]
[Result "1/2-1/2"]
[WhiteTitle "I+"]
[BlackTitle "II+"]
[WhiteElo "1853"]
[BlackElo "1761"]

1. e4 e6 2. Nf3 d5 3. Nc3 c5 4. d4 Nf6 5. e5 Nfd7 6. dxc5 Nc6 7. Bf4 Nxc5 8. Bd3
a6 9. O-O b5 10. Re1 Be7 11. Ne2 Qb6 12. c3 Bd7 13. Ned4 b4 14. Nxc6 Bxc6 15.
Nd4 bxc3 16. bxc3 O-O 17. Rb1 Qc7 18. Re3 Nxd3 19. Qxd3 Bb5 20. Nxb5 axb5 21.
Re2 Ra3 22. Qxb5 Qxc3 23. Bd2 Qc2 24. Bg5 Qc5 25. Bxe7 Qxe7 26. Qb4 Qxb4 27. Rxb4
h6 28. f4 Rfa8 29. Rbb2 R8a4 30. g3 Kh7 31. Kf2 Kg6 32. Rbc2 Kf5 33. Rc7 Kg6 34.
Rcc2 f6 35. exf6 Kxf6 36. Rc6 Re4 37. Rxe4 dxe4 38. Rc2 g5 39. fxg5+ hxg5 40.
Rb2 g4 41. Ke2 Ke5 42. Rd2 Ra4 43. Ke3 Ra3+ 44. Ke2 Ra4 1/2-1/2

[Event "DRUZYNOWE MISTRZOSTWA POLSKI JUNIOROW - II LIGA"]
[Site "Szczyrk, CKiR Orle Gniazdo ul. Wrzosowa 28a"]
[Date "2014-07-30"]
[Round "6.56"]
[White "Skierski, Jacek"]
[Black "Kaczkowski, Maciej"]
[Result "0-1"]
[WhiteTitle "II"]
[BlackTitle "II"]
[WhiteElo "1547"]
[BlackElo "1635"]

1. d4 d5 2. c4 c6 3. Nc3 dxc4 4. e3 Be6 5. a4 Nf6 6. Nf3 Bd5 7. Ne5 Nbd7 8. Nxc4
Bxc4 9. Bxc4 Nb6 10. Bd3 e6 11. O-O Be7 12. a5 Nbd5 13. a6 b6 14. Qa4 Qd7 15.
Nxd5 Nxd5 16. Bd2 O-O 17. Rfc1 Rfc8 18. b4 b5 19. Qb3 Qd6 20. Be4 Rab8 21. Bxd5
cxd5 22. Qd3 Rc4 23. Rcb1 Rb6 24. Ra5 Qc6 25. Qa3 h6 26. h3 Bd6 27. Ra1 Rc2 28.
Rc1 Rxd2 0-1

[Event "DRUZYNOWE MISTRZOSTWA POLSKI JUNIOROW - II LIGA"]
[Site "Szczyrk, CKiR Orle Gniazdo ul. Wrzosowa 28a"]
[Date "2014-07-30"]
[Round "6.57"]
[White "Jarzebowski, Kacper"]
[Black "Sulkowski, Andrzej"]
[Result "1/2-1/2"]
[WhiteTitle "II+"]
[BlackTitle "I"]
[WhiteElo "1548"]
[BlackElo "1615"]

1. e4 c5 2. Nf3 Nc6 3. Bb5 e6 4. Nc3 a6 5. Bxc6 bxc6 6. O-O d5 7. exd5 cxd5 8.
d4 Nf6 9. Bf4 Bd6 10. Bxd6 Qxd6 11. Re1 O-O 12. Qd2 Bb7 13. Rad1 Rad8 14. Ne5
Nd7 15. Nxd7 Rxd7 16. Na4 cxd4 17. Qxd4 Rc7 18. c4 Qb4 19. cxd5 Qxd4 20. Rxd4
Bxd5 21. Nc3 Rd7 22. Red1 Rfd8 23. Nxd5 Rxd5 24. Rxd5 exd5 25. f4 Kf8 26. Kf2
Ke7 27. Ke3 Kd6 28. Rc1 Re8+ 29. Kd3 f5 30. g3 g6 31. b4 Kd7 32. Rc5 Re1 33. Rxd5+
Kc6 34. Rc5+ Kb6 35. Re5 Rd1+ 36. Kc2 Rh1 37. Re2 Kb5 38. a3 Ka4 39. Kb2 a5 40.
bxa5 Kxa5 41. h4 Rg1 42. Re3 Ka4 43. Rc3 Rg2+ 44. Kc1 Kb5 45. Kd1 Ra2 46. Ke1
h5 47. Kd1 1/2-1/2

[Event "DRUZYNOWE MISTRZOSTWA POLSKI JUNIOROW - II LIGA"]
[Site "Szczyrk, CKiR Orle Gniazdo ul. Wrzosowa 28a"]
[Date "2014-07-30"]
[Round "6.58"]
[White "Mlynarski, Jedrzej"]
[Black "Czernek, Tymon"]
[Result "0-1"]
[WhiteTitle "II"]
[BlackTitle "II"]
[WhiteElo "1455"]
[BlackElo "1508"]

1. d4 f5 2. e4 fxe4 3. Nc3 Nf6 4. Bg5 Nc6 5. d5 Ne5 6. Qd4 Nf7 7. Bxf6 exf6 8.
Nxe4 Be7 9. O-O-O d6 10. f4 O-O 11. Nf3 Re8 12. h3 f5 13. Nf2 Bf6 14. Qd3 c6 15.
g4 Bxb2+ 16. Kxb2 Qb6+ 17. Kc1 Qxf2 18. Rd2 Qc5 19. gxf5 Re3 20. Re2 Rxe2 21.
Bxe2 Nh6 22. Nh4 Qf2 23. dxc6 Qxf4+ 24. Kd1 Qxh4 25. Qd5+ Nf7 26. cxb7 Bxb7 27.
Qxb7 Qd4+ 28. Bd3 Re8 29. Qg2 Ne5 30. f6 g6 31. Qb7 Nf7 32. Qd7 Rd8 33. Re1 Qa1+
34. Kd2 Qxe1+ 35. Kxe1 Rxd7 0-1

[Event "DRUZYNOWE MISTRZOSTWA POLSKI JUNIOROW - II LIGA"]
[Site "Szczyrk, CKiR Orle Gniazdo ul. Wrzosowa 28a"]
[Date "2014-07-30"]
[Round "6.59"]
[White "Reda, Lucja"]
[Black "Larysz, Anna"]
[Result "0-1"]
[WhiteTitle "II"]
[BlackTitle "I"]
[WhiteElo "1244"]
[BlackElo "1575"]

1. d4 e6 2. Nf3 f5 3. Bg5 Nf6 4. e3 b6 5. Bd3 Bb7 6. Nbd2 Be7 7. O-O O-O 8. Re1
Ne4 9. Bxe7 Qxe7 10. Nf1 d6 11. c4 Nd7 12. Qc2 Ndf6 13. Rad1 Rad8 14. N1d2 Nxd2
15. Nxd2 Nd7 16. e4 Qf6 17. Nf3 g6 18. d5 exd5 19. exd5 Rfe8 20. b3 Ne5 21. Nxe5
Rxe5 22. Qd2 Rde8 23. Rxe5 Rxe5 24. Re1 Kf7 25. Rxe5 dxe5 26. h3 c6 27. dxc6 Qxc6
28. f3 Qd7 29. Qe2 Kf6 30. Kf1 Qd4 31. Bc2 g5 32. Qd3 Qxd3+ 33. Bxd3 e4 34. fxe4
fxe4 35. Bc2 Ke5 36. Ke2 Kd4 37. Kd2 h5 38. g3 h4 39. gxh4 gxh4 40. Bd1 e3+ 41.
Ke1 Be4 42. Bg4 Bb1 43. a3 Bc2 44. b4 Kxc4 45. Ke2 Kd4 46. Ke1 Bd3 47. Kd1 a5
48. bxa5 bxa5 49. Ke1 Bb5 50. Kd1 Kc3 51. Be2 Ba4+ 52. Kc1 Kb3 53. Kb1 Kxa3 54.
Ka1 Kb3 55. Kb1 Kc3 56. Kc1 Bd7 0-1

[Event "DRUZYNOWE MISTRZOSTWA POLSKI JUNIOROW - II LIGA"]
[Site "Szczyrk, CKiR Orle Gniazdo ul. Wrzosowa 28a"]
[Date "2014-07-30"]
[Round "6.60"]
[White "Wagner, Klaudia"]
[Black "Reda, Patrycja"]
[Result "0-1"]
[WhiteTitle "II"]
[BlackTitle "I"]
[WhiteElo "1230"]
[BlackElo "1432"]

1. d4 d5 2. c4 e6 3. cxd5 exd5 4. Nc3 Nf6 5. Bf4 Nbd7 6. e3 Be7 7. Bd3 O-O 8. Nf3
b6 9. O-O Bb7 10. Qd2 Ne4 11. Bxe4 dxe4 12. Ne5 Nxe5 13. Bxe5 f5 14. Rac1 Bf6
15. Bxf6 Rxf6 16. Rfd1 Rh6 17. Ne2 Bd5 18. a3 c6 19. Rf1 Qh4 20. h3 g5 21. Rc2
Kh8 22. Kh1 Rg8 23. b4 g4 24. Nf4 gxh3 25. Nxh3 Qxh3+ 0-1

[Event "DRUZYNOWE MISTRZOSTWA POLSKI JUNIOROW - II LIGA"]
[Site "Szczyrk, CKiR Orle Gniazdo ul. Wrzosowa 28a"]
[Date "2014-07-30"]
[Round "6.61"]
[White "Nun, Grzegorz"]
[Black "Kroczka, Gromoslaw"]
[Result "1-0"]
[WhiteTitle "I"]
[BlackTitle "I"]
[WhiteElo "1907"]
[BlackElo "1788"]

1. e4 c5 2. Nf3 Nc6 3. Bb5 g6 4. Bxc6 dxc6 5. d3 Bg7 6. O-O e5 7. h3 Ne7 8. Nc3
O-O 9. Be3 b6 10. Qd2 Qc7 11. Bh6 Ba6 12. Bxg7 Kxg7 13. b3 Rad8 14. Qe3 Bc8 15.
Ne2 f6 16. Nh2 f5 17. f3 f4 18. Qf2 g5 19. a4 a5 20. Rad1 Be6 21. Qe1 Ng6 22.
Qc3 h5 23. Kf2 Qd7 24. Ke1 g4 25. hxg4 hxg4 26. fxg4 Bxg4 27. Nf3 Bxf3 28. gxf3
Kf6 29. Kd2 Rh8 30. Rg1 Rh2 31. Rxg6+ Kxg6 32. Qxe5 Rg2 33. Kc1 Rf8 34. Nxf4+
Rxf4 35. Qxf4 Qd4 36. Kb1 c4 37. Rh1 Rg1+ 38. Rxg1+ Qxg1+ 39. Qc1 Qg3 40. Qf1
cxb3 41. cxb3 Qd6 42. f4 Qb4 43. f5+ Kf6 44. Qd1 Qd4 45. Qc2 Ke7 46. Qxc6 Qxd3+
47. Qc2 Qd4 48. Ka2 Kd7 49. Qe2 Kd6 50. Qh2+ Kd7 51. e5 b5 52. e6+ Ke8 53. axb5
a4 54. Qc2 axb3+ 55. Kxb3 Qd5+ 56. Qc4 Qf3+ 57. Kb4 Qxf5 58. Qc8+ 1-0

[Event "DRUZYNOWE MISTRZOSTWA POLSKI JUNIOROW - II LIGA"]
[Site "Szczyrk, CKiR Orle Gniazdo ul. Wrzosowa 28a"]
[Date "2014-07-30"]
[Round "6.62"]
[White "Wisniewski, Szymon"]
[Black "Czerniawski, Krzysztof"]
[Result "1-0"]
[WhiteTitle "I"]
[BlackTitle "I"]
[WhiteElo "1849"]
[BlackElo "1761"]

1. e4 d6 2. Nc3 Nf6 3. f4 g6 4. Nf3 Bg7 5. Bc4 O-O 6. O-O c6 7. Bb3 Nbd7 8. d3
e5 9. Qe1 Qc7 10. f5 Nc5 11. fxg6 hxg6 12. Qh4 Nxb3 13. axb3 Nh7 14. Ng5 Nxg5
15. Bxg5 Be6 16. Rf6 a5 17. Raf1 b5 18. g4 Qd7 19. h3 a4 20. Ne2 axb3 21. Ng3
Ra2 22. Nf5 Bxf5 23. gxf5 Rfa8 24. Rxg6 fxg6 25. fxg6 Bh6 26. Bf6 Qa7+ 27. Kg2
Qe3 28. Qg4 Qd2+ 29. Rf2 Qxf2+ 30. Kxf2 Bg7 31. Qe6+ Kh8 32. Qf7 1-0

[Event "DRUZYNOWE MISTRZOSTWA POLSKI JUNIOROW - II LIGA"]
[Site "Szczyrk, CKiR Orle Gniazdo ul. Wrzosowa 28a"]
[Date "2014-07-30"]
[Round "6.63"]
[White "Fudalej, Slawomir"]
[Black "Kulpinski, Jakub"]
[Result "1-0"]
[WhiteTitle "I"]
[BlackTitle "III"]
[WhiteElo "1615"]
[BlackElo "1375"]

1. e4 c5 2. Nf3 d6 3. d4 cxd4 4. Nxd4 Nf6 5. Nc3 g6 6. f3 Bg7 7. Be3 O-O 8. Qd2
Nc6 9. O-O-O a6 10. g4 Bd7 11. Kb1 b5 12. h4 Rc8 13. h5 Qc7 14. hxg6 fxg6 15.
Nxc6 Bxc6 16. Bh3 Rb8 17. g5 Nd7 18. Be6+ Kh8 19. Rxh7+ Kxh7 20. Qh2+ Qd8 1-0

[Event "DRUZYNOWE MISTRZOSTWA POLSKI JUNIOROW - II LIGA"]
[Site "Szczyrk, CKiR Orle Gniazdo ul. Wrzosowa 28a"]
[Date "2014-07-30"]
[Round "6.64"]
[White "Kozakiewicz, Gracjan"]
[Black "Maciak, Jakub"]
[Result "1-0"]
[WhiteTitle "I"]
[BlackTitle "II"]
[WhiteElo "1589"]
[BlackElo "1280"]

1. d4 Nf6 2. c4 e6 3. Nc3 b6 4. Bg5 Be7 5. e3 Bb7 6. f3 d5 7. Bd3 Nbd7 8. Nge2
O-O 9. O-O c5 10. Qd2 h6 11. Bh4 Rc8 12. cxd5 exd5 13. Rac1 Re8 14. dxc5 Bxc5
15. Nd4 Ne5 16. Bb5 Nc4 17. Bxc4 dxc4 18. Rcd1 Qe7 19. e4 Rcd8 20. Bf2 a6 21.
Qc2 Qc7 22. Nf5 Bxf2+ 23. Qxf2 b5 24. Rfe1 b4 25. Na4 Rxd1 26. Rxd1 Rd8 27. Rd4
Rxd4 28. Qxd4 Qd7 29. Nb6 Qxd4+ 30. Nxd4 c3 31. bxc3 bxc3 32. Na4 c2 33. Nxc2
Bc6 34. Nc5 Bb5 35. a4 Nd7 36. axb5 Nxc5 37. bxa6 Nxa6 38. Kf2 f6 39. Ke3 Kf7
40. Kf4 Nc5 41. Nb4 Ne6+ 42. Kg4 h5+ 43. Kxh5 Nf4+ 44. Kg4 Nxg2 45. Nc2 g5 46.
Nb4 Ne3+ 47. Kg3 Ke6 48. Nd3 Nc4 49. f4 Nd2 50. Nf2 Nf1+ 51. Kg2 Nxh2 52. Kxh2
gxf4 53. Nd3 f5 54. e5 Kd5 55. Kg2 1-0

[Event "DRUZYNOWE MISTRZOSTWA POLSKI JUNIOROW - II LIGA"]
[Site "Szczyrk, CKiR Orle Gniazdo ul. Wrzosowa 28a"]
[Date "2014-07-30"]
[Round "6.66"]
[White "Humin, Julia"]
[Black "Raczykowska, Paulina"]
[Result "0-1"]
[WhiteTitle "I"]
[BlackTitle "II+"]
[WhiteElo "1457"]
[BlackElo "1242"]

1. e4 e5 2. Nf3 Nc6 3. Bb5 a6 4. Bxc6 dxc6 5. O-O f6 6. d4 exd4 7. Nxd4 c5 8. Ne2
Qxd1 9. Rxd1 Bg4 10. f3 Be6 11. Bf4 c6 12. Nbc3 g5 13. Bc7 b5 14. Rd2 Nh6 15.
Rad1 Nf7 16. Ng3 h5 17. Re1 Rc8 18. Bb6 Rb8 19. Ba5 Bd6 20. Nf5 Be5 21. Ng7+ Ke7
22. Nxe6 Kxe6 23. b3 b4 24. Na4 Rb5 25. Bb6 Bc3 26. Red1 Bxd2 27. Rxd2 Ne5 28.
Nxc5+ Kf7 29. Na4 a5 30. Rd6 Re8 31. Kf2 Ke7 32. Rd4 Rb8 33. Bc7 Rc8 34. Bb6 Nd7
35. Ba7 Rc7 36. Rxd7+ Rxd7 37. Bc5+ Kf7 38. Ke2 Rb8 39. Nb6 Rdb7 40. Nc4 Rd7 41.
Bb6 Kg6 42. Bc5 g4 43. f4 Re8 44. f5+ Kh7 45. Ke3 Rd1 46. Ke2 Rh1 47. Kf2 Rxe4
48. Be3 Ra1 49. Nd2 Re8 50. Bd4 Rxa2 51. Nc4 Rxc2+ 52. Kg3 Ree2 53. Ne3 Ra2 54.
Kh4 Kh6 55. Bxf6 Ra3 56. Bg5+ Kg7 57. Kxh5 Rxb3 58. f6+ Kf8 59. Kg6 Rf2 60. Nf5
Rxf5 61. Kxf5 Kf7 62. Kxg4 Rb2 63. Kg3 Rc2 64. h4 b3 65. h5 b2 66. h6 b1=Q 67.
Kh3 Qh1+ 68. Kg4 Rxg2+ 69. Kf5 Qb1+ 70. Kf4 Qc1+ 71. Kf5 Qxg5+ 72. Ke4 Rg4+ 73.
Kf3 Qh4 74. h7 Qh3+ 0-1

[Event "DRUZYNOWE MISTRZOSTWA POLSKI JUNIOROW - II LIGA"]
[Site "Szczyrk, CKiR Orle Gniazdo ul. Wrzosowa 28a"]
[Date "2014-07-30"]
[Round "6.67"]
[White "Slany, Wiktor"]
[Black "Gladysz, Jakub"]
[Result "1-0"]
[WhiteTitle "II+"]
[BlackTitle "I"]
[WhiteElo "1737"]
[BlackElo "1789"]

1. e4 c5 2. Nf3 e6 3. d4 cxd4 4. Nxd4 Nc6 5. Nc3 a6 6. Be3 Qc7 7. Qd2 Nf6 8. f3
Bb4 9. O-O-O b5 10. g4 Bb7 11. g5 Nh5 12. Nb3 Rd8 13. a3 Be7 14. Qf2 Rc8 15. Nc5
d6 16. Nxb7 Qxb7 17. f4 g6 18. Be2 Ng7 19. Bg4 b4 20. axb4 Nxb4 21. Bd4 Rxc3 22.
bxc3 Na2+ 23. Kd2 e5 24. Rb1 Qxe4 25. Rb8+ Bd8 26. Re1 Qc6 27. Rxd8+ Kxd8 28.
fxe5 Nf5 29. Bxf5 gxf5 30. Qxf5 Re8 31. Qf2 Qd5 32. Qf6+ Kc8 33. Qxd6 Qg2+ 34.
Re2 Qxg5+ 35. Be3 Qf5 36. Qc6+ Kd8 37. Bb6+ Ke7 38. Qd6# 1-0

[Event "DRUZYNOWE MISTRZOSTWA POLSKI JUNIOROW - II LIGA"]
[Site "Szczyrk, CKiR Orle Gniazdo ul. Wrzosowa 28a"]
[Date "2014-07-30"]
[Round "6.68"]
[White "Wilk, Tomasz"]
[Black "Blaszczak, Jedrzej"]
[Result "1-0"]
[WhiteTitle "I"]
[BlackTitle "II"]
[WhiteElo "1767"]
[BlackElo "1569"]

1. d4 d6 2. Nf3 g6 3. c4 Nf6 4. g3 Bg7 5. Bg2 O-O 6. O-O c5 7. d5 Bg4 8. Nc3 Bxf3
9. exf3 Nbd7 10. f4 a6 11. a4 Rb8 12. Qd3 Re8 13. Rb1 Qc7 14. b3 Nf8 15. Bb2 e6
16. Rfe1 exd5 17. Bxd5 Ne6 18. Bxe6 Rxe6 19. Rxe6 fxe6 20. Ne4 Nxe4 21. Qxe4 Bxb2
22. Rxb2 Kf7 23. Rd2 b5 24. axb5 axb5 25. Re2 Qd7 26. cxb5 Rxb5 27. Qa8 Qe7 28.
Qh8 Rxb3 29. Ra2 Qb7 30. f3 e5 31. Ra7 Qxa7 32. Qxh7+ Ke6 33. Qxa7 exf4 34. Qg7
Rxf3 35. Qxg6+ Ke5 36. g4 c4 37. Qf5+ Kd4 38. g5 c3 39. g6 Rd3 40. Qxf4+ Kc5 41.
g7 c2 42. g8=Q Rd1+ 43. Kg2 1-0

[Event "DRUZYNOWE MISTRZOSTWA POLSKI JUNIOROW - II LIGA"]
[Site "Szczyrk, CKiR Orle Gniazdo ul. Wrzosowa 28a"]
[Date "2014-07-30"]
[Round "6.69"]
[White "Burzak, Wojciech"]
[Black "Zak, Piotr"]
[Result "1/2-1/2"]
[WhiteTitle "II"]
[BlackTitle "II"]
[WhiteElo "1401"]
[BlackElo "1328"]

1. e4 e5 2. Nf3 Nc6 3. Nc3 Nf6 4. Bb5 Bc5 5. O-O d6 6. d3 h6 7. h3 O-O 8. Be3 Bb6
9. Ne2 Be6 10. a3 a6 11. Bxc6 bxc6 12. Bxb6 cxb6 13. Nh2 d5 14. Ng3 Qd6 15. f3
Nh7 16. Qe2 f5 17. Rae1 f4 18. Nh1 d4 19. Nf2 Qe7 20. Kh1 Qh4 21. Nfg4 Bxg4 22.
Nxg4 Rae8 23. Qf2 Qg5 24. c3 c5 25. cxd4 cxd4 26. Rc1 Nf6 27. Rc6 Nxg4 28. hxg4
Rf6 29. Rfc1 Ree6 30. Rc8+ Kh7 31. Kg1 h5 32. gxh5 Qxh5 33. Kf1 Rh6 34. Ke2 Qg5
35. R8c2 Reg6 36. Rg1 Rh2 37. Kf1 Qf6 38. Qd2 Rg3 39. Qc1 Rh6 40. Qd2 Qe6 41.
Qc1 Rh2 42. Rd2 a5 43. Rc2 1/2-1/2

[Event "DRUZYNOWE MISTRZOSTWA POLSKI JUNIOROW - II LIGA"]
[Site "Szczyrk, CKiR Orle Gniazdo ul. Wrzosowa 28a"]
[Date "2014-07-30"]
[Round "6.70"]
[White "Bober, Tomasz"]
[Black "Skowron, Mateusz"]
[Result "0-1"]
[WhiteTitle "II"]
[BlackTitle "I"]
[WhiteElo "1161"]
[BlackElo "1395"]

1. e4 c6 2. d4 d5 3. exd5 cxd5 4. c3 Bf5 5. Bd3 Bxd3 6. Qxd3 Nc6 7. Nf3 e6 8. Bf4
Bd6 9. Bxd6 Qxd6 10. Nbd2 Nf6 11. O-O O-O 12. Rfe1 Rac8 13. Ne5 Nd7 14. Ndf3 Ndxe5
15. Nxe5 Na5 16. Re3 Nc4 17. Nxc4 Rxc4 18. Rh3 h6 19. Re1 Qe7 20. Qf3 Qd6 21.
Qg3 Qxg3 22. Rxg3 Rfc8 23. Ree3 Rxd4 24. Rd3 Rxd3 25. Rxd3 Kf8 26. Kf1 Ke7 27.
Ke2 Kd6 28. f4 Rc4 29. Kf3 Ra4 30. a3 Re4 31. Re3 Rxe3+ 32. Kxe3 Kc5 33. b3 a5
34. Kd3 b6 35. h4 f6 36. g3 g5 37. hxg5 hxg5 38. fxg5 fxg5 39. g4 e5 40. Ke3 a4
41. bxa4 Kc4 0-1

[Event "DRUZYNOWE MISTRZOSTWA POLSKI JUNIOROW - II LIGA"]
[Site "Szczyrk, CKiR Orle Gniazdo ul. Wrzosowa 28a"]
[Date "2014-07-30"]
[Round "6.71"]
[White "Kubicka, Anna"]
[Black "Kozubal, Aleksandra"]
[Result "0-1"]
[WhiteTitle "I++"]
[BlackTitle "I+"]
[WhiteElo "1760"]
[BlackElo "1576"]

1. e4 c5 2. Nf3 Nc6 3. d4 cxd4 4. Nxd4 Nf6 5. Nc3 a6 6. Be3 e6 7. f3 Bb4 8. a3
Bxc3+ 9. bxc3 Qc7 10. Qd2 d5 11. Bd3 Bd7 12. O-O O-O 13. Bg5 dxe4 14. fxe4 Ng4
15. g3 Qb6 16. Be3 Nxe3 17. Qxe3 Qc5 18. Kh1 Qxc3 19. Ne2 Qe5 20. Rab1 b5 21.
Rf4 Ne7 22. Ng1 Ng6 23. Rg4 Qd6 24. Rg5 Rac8 25. e5 Bc6+ 26. Nf3 Bxf3+ 27. Qxf3
Qc6 28. Be4 Qc3 29. Qg4 Rc4 30. h4 Qe3 0-1

[Event "DRUZYNOWE MISTRZOSTWA POLSKI JUNIOROW - II LIGA"]
[Site "Szczyrk, CKiR Orle Gniazdo ul. Wrzosowa 28a"]
[Date "2014-07-30"]
[Round "6.72"]
[White "Jurkiewicz, Zuzanna"]
[Black "Gil, Oliwia"]
[Result "1-0"]
[WhiteTitle "I"]
[BlackTitle "II"]
[WhiteElo "1442"]
[BlackElo "1307"]

1. d4 d5 2. c4 dxc4 3. e3 Nc6 4. Bxc4 Nf6 5. Nf3 e6 6. O-O Bd6 7. Nc3 O-O 8. a3
a6 9. Qc2 h6 10. Ba2 e5 11. h3 exd4 12. exd4 Re8 13. Bxh6 Kf8 14. Bg5 Nb8 15.
Nd5 Nbd7 16. Rfe1 Rxe1+ 17. Rxe1 c6 18. Nxf6 Nxf6 19. Ne5 Be6 20. Ng6+ Kg8 21.
Rxe6 fxe6 22. Bxe6+ Kh7 23. Ne5+ Kh8 24. Nf7+ 1-0

[Event "DRUZYNOWE MISTRZOSTWA POLSKI JUNIOROW - II LIGA"]
[Site "Szczyrk, CKiR Orle Gniazdo ul. Wrzosowa 28a"]
[Date "2014-07-30"]
[Round "6.73"]
[White "Czerw, Dawid"]
[Black "Tomaka, Marek"]
[Result "1/2-1/2"]
[WhiteTitle "I++"]
[BlackTitle "II"]
[WhiteElo "1993"]
[BlackElo "1623"]

1. d4 d5 2. c4 e6 3. Nc3 c6 4. Nf3 Nf6 5. Bg5 dxc4 6. e4 b5 7. e5 h6 8. Bh4 g5
9. Nxg5 hxg5 10. Bxg5 Nbd7 11. g3 Qa5 12. exf6 Bb7 13. Bg2 b4 14. Ne4 O-O-O 15.
O-O Ne5 16. a3 Nd3 17. axb4 Qxb4 18. Bd2 Qb5 19. Rxa7 Rxd4 20. Ra5 Qxb2 21. Bc3
Qb6 22. Qa1 Rd5 23. Ra4 Rdh5 24. Ra8+ Bxa8 25. Qxa8+ Kd7 26. Ra1 Bd6 27. Qa2 Bc5
28. Qxc4 Bxf2+ 29. Kf1 Rd5 30. Rd1 Nb2 31. Rxd5+ cxd5 32. Qe2 dxe4 33. Bxb2 e3
34. Qd1+ Kc8 35. Qc2+ Qc7 36. Qa4 Rd8 37. Qa8+ Kd7 38. Qa4+ Kc8 39. Bc6 Rd1+ 40.
Qxd1 Qxc6 41. Qc1 Kb7 42. Qxc6+ Kxc6 43. Ke2 Kd5 44. Kd3 e5 45. Bc1 Ke6 46. Bxe3
Bxe3 47. Kxe3 Kxf6 48. Ke4 Ke6 49. g4 f6 50. h3 Kf7 51. Kf5 Kg7 52. h4 Kf7 53.
h5 Kg7 54. h6+ Kf7 55. h7 Kg7 56. h8=Q+ Kxh8 57. Kxf6 Kg8 58. Kxe5 Kg7 59. Kf5
Kf7 60. g5 Kg7 61. g6 Kg8 62. Kf6 Kf8 63. Kg5 Kg7 64. Kh5 Kg8 1/2-1/2

[Event "DRUZYNOWE MISTRZOSTWA POLSKI JUNIOROW - II LIGA"]
[Site "Szczyrk, CKiR Orle Gniazdo ul. Wrzosowa 28a"]
[Date "2014-07-30"]
[Round "6.74"]
[White "Modlich, Kacper"]
[Black "Drozniak, Stanislaw"]
[Result "1/2-1/2"]
[WhiteTitle "II+"]
[BlackTitle "II+"]
[WhiteElo "1591"]
[BlackElo "1579"]

1. e4 c6 2. d4 d5 3. Nc3 dxe4 4. Nxe4 Bf5 5. Ng3 Bg6 6. h4 h6 7. Nf3 Bh7 8. h5
Nd7 9. Bd3 Bxd3 10. Qxd3 Ngf6 11. Bd2 e6 12. O-O-O Qc7 13. Qe2 O-O-O 14. Ne5 Nb6
15. Ba5 Rd5 16. Bxb6 axb6 17. c4 Rd8 18. f4 c5 19. dxc5 Bxc5 20. Kb1 Rhf8 21.
Ne4 Nd7 22. Nxd7 Rxd7 23. Rxd7 Qxd7 24. Nxc5 bxc5 25. Rd1 Qc7 26. g3 Rd8 27. Kc2
Rxd1 28. Qxd1 Qc6 29. Qe2 Qa4+ 30. Kb1 Qd7 31. Kc2 Qd4 32. f5 e5 33. g4 Kc7 34.
a3 Kc6 35. Qd3 e4 36. Qxd4 cxd4 37. b4 f6 38. Kd2 Kd6 39. Ke2 b6 40. a4 Kc6 41.
Kd2 1/2-1/2